000
00334nam a2200133Ia 4500
008
240624s9999 xx 000 0 und d
041
_a
eng
082
_a
659.2 FRA
100
_a
FRANKLIN BOB
245
_a
KEY CONCEPTS IN PUBLIC RELATIONS
260
_c
2009
_a
Los Angeles
_b
Sage Publications
300
_a
272 : p.
365
_c
BPS
_b
30
999
_c
14366
_d
14366